LEADER 01905oam 2200517 450 001 9910717251403321 005 20220321134313.0 035 $a(CKB)5470000002529712 035 $a(OCoLC)1158388806 035 $a(EXLCZ)995470000002529712 100 $a20200615d1941 ua 0 101 0 $aeng 135 $aurbn||||||||| 181 $ctxt$2rdacontent 182 $cc$2rdamedia 183 $acr$2rdacarrier 200 10$aPreliminary stability and control tests in the NACA free-flight wind tunnel and correlation with full-scale flight tests /$fby Joseph A. Shortal and Clatyon J. Osterhout 210 1$aWashington, [D.C.] :$cNational Advisory Committee for Aeronautics,$d1941. 215 $a1 online resource (19 pages, 10 unnumbered pages) $cillustrations 225 1 $aTechnical note / National Advisory Committee for Aeronautics ;$vno. 810 300 $a"June 1941." 300 $aNo Federal Depository Library Program (FDLP) item number. 606 $aAirplanes$xControl 606 $aStability of airplanes 606 $aWind tunnel testing 606 $aAirplanes$xControl$2fast 606 $aStability of airplanes$2fast 606 $aWind tunnel testing$2fast 615 0$aAirplanes$xControl. 615 0$aStability of airplanes. 615 0$aWind tunnel testing. 615 7$aAirplanes$xControl. 615 7$aStability of airplanes. 615 7$aWind tunnel testing. 700 $aShortal$b Joseph Adams$f1908-$01409460 702 $aOsterhout$b Clayton J. 712 02$aUnited States.$bNational Advisory Committee for Aeronautics, 801 0$bTRAAL 801 1$bTRAAL 801 2$bOCLCO 801 2$bOCLCF 801 2$bGPO 906 $aBOOK 912 $a9910717251403321 996 $aPreliminary stability and control tests in the NACA free-flight wind tunnel and correlation with full-scale flight tests$93548578 997 $aUNINA